[Event "DVM U20 2021"]
[Site "Kiel GER"]
[Date "2022.07.24"]
[Round "3"]
[White "Knüdel, Torben"]
[Black "Arndt, Magnus"]
[Result "1/2-1/2"]
[Termination "normal"]
[Board "7.1"]
[BlackTitle "FM"]
[WhiteElo "2210"]
[BlackElo "2359"]
[WhiteClock "00:36:37"]
[BlackClock "00:16:37"]
[WhiteTeam "Post SV Uelzen"]
[BlackTeam "SK Doppelbauer Kiel"]
[PlyCount "141"]
[WhiteFideId "16208820"]
[BlackFideId "12998656"]
[EventCountry "GER"]
[EventRounds "7"]
[EventType "team-swiss"]
[EventDate "2022.07.22"]

1. e4 {[%clk 01:30:59]} {[%emt 12:57:00]} e5 {[%clk 01:30:55]} 2. Nf3 {[%clk
01:31:25]} Nc6 {[%clk 01:31:20]} 3. Bb5 {[%clk 01:31:50]} a6 {[%clk 01:31:46]}
4. Ba4 {[%clk 01:32:16]} Nf6 {[%clk 01:32:12]} 5. O-O {[%clk 01:32:42]} Be7
{[%clk 01:32:38]} 6. Re1 {[%clk 01:33:08]} b5 {[%clk 01:33:05]} 7. Bb3 {[%clk
01:33:34]} O-O {[%clk 01:33:31]} 8. c3 {[%clk 01:34:01]} d5 {[%clk 01:33:57]}
9. exd5 Nxd5 {[%clk 01:34:23]} 10. Nxe5 {[%clk 01:34:54]} Nxe5 11. Rxe5 {[%clk
01:35:20]} c6 {[%clk 01:35:14]} 12. d4 {[%clk 01:35:48]} Bd6 {[%clk 01:35:40]}
13. Re1 {[%clk 01:36:14]} Qh4 {[%clk 01:36:06]} 14. g3 {[%clk 01:36:41]} Qh3
{[%clk 01:36:31]} 15. Be3 {[%clk 01:37:08]} Be6 {[%clk 01:36:53]} 16. Qf3
{[%clk 01:32:32]} a5 {[%clk 01:37:14]} 17. Qg2 {[%clk 01:24:33]} Qf5 {[%clk
01:37:32]} 18. Bd1 {[%clk 01:22:47]} b4 {[%clk 01:37:53]} 19. Bf3 {[%clk
01:19:15]} Qc2 {[%clk 00:57:27]} {[%emt 00:36:18]} 20. Re2 {[%clk 01:08:43]}
{[%emt 00:11:03]} Qd3 {[%clk 00:43:29]} {[%emt 00:14:28]} 21. cxb4 {[%clk
00:56:30]} {[%emt 00:12:44]} axb4 {[%clk 00:42:06]} {[%emt 00:01:53]} 22. Nd2
{[%clk 00:48:30]} {[%emt 00:08:29]} f5 {[%clk 00:30:52]} {[%emt 00:11:44]} 23.
Bg5 {[%clk 00:39:10]} {[%emt 00:09:49]} Bf7 {[%clk 00:27:33]} {[%emt 00:03:50]}
24. Rc1 {[%emt 00:00:04]} Rxa2 {[%clk 00:17:57]} {[%emt 00:10:04]} 25. Nc4
{[%clk 00:36:28]} {[%emt 00:03:41]} Nc3 {[%clk 00:10:09]} {[%emt 00:08:16]} 26.
bxc3 {[%clk 00:33:27]} {[%emt 00:03:31]} Qxc4 {[%clk 00:09:17]} {[%emt
00:01:23]} 27. cxb4 {[%clk 00:33:42]} {[%emt 00:00:15]} Qxb4 {[%clk 00:07:52]}
{[%emt 00:01:55]} 28. Rxa2 {[%clk 00:34:02]} {[%emt 00:00:10]} Bxa2 {[%clk
00:08:20]} {[%emt 00:00:02]} 29. Bxc6 {[%clk 00:24:27]} {[%emt 00:10:05]} Qxd4
{[%clk 00:08:02]} {[%emt 00:00:48]} 30. Qf3 {[%clk 00:22:59]} {[%emt 00:01:58]}
Qb2 {[%clk 00:04:32]} {[%emt 00:04:00]} 31. Rd1 {[%clk 00:21:59]} {[%emt
00:01:31]} Bc5 {[%clk 00:03:21]} {[%emt 00:01:37]} 32. Bd5+ {[%clk 00:18:56]}
{[%emt 00:03:36]} Kh8 {[%clk 00:03:44]} {[%emt 00:00:07]} 33. Kg2 {[%clk
00:19:03]} {[%emt 00:00:23]} h6 {[%clk 00:02:59]} {[%emt 00:01:15]} 34. Bxa2
{[%clk 00:15:01]} {[%emt 00:04:32]} Qxa2 {[%clk 00:02:58]} {[%emt 00:00:31]}
35. Bxh6 {[%clk 00:14:50]} {[%emt 00:00:41]} Qxf2+ {[%clk 00:01:53]} {[%emt
00:01:34]} 36. Qxf2 {[%clk 00:15:19]} {[%emt 00:00:02]} Bxf2 {[%clk 00:02:15]}
{[%emt 00:00:08]} 37. Bxg7+ {[%clk 00:15:44]} {[%emt 00:00:05]} Kxg7 {[%clk
00:02:44]} {[%emt 00:00:01]} 38. Kxf2 {[%clk 00:16:07]} {[%emt 00:00:07]} Rh8
{[%clk 00:02:36]} {[%emt 00:00:38]} 39. Kg2 {[%clk 00:16:04]} {[%emt 00:00:33]}
Ra8 {[%clk 00:02:49]} {[%emt 00:00:17]} 40. Rd2 {[%clk 00:16:22]} {[%emt
00:00:12]} Ra3 {[%clk 00:03:03]} {[%emt 00:00:15]} 41. Rb2 {[%clk 00:16:47]}
{[%emt 00:00:06]} Kg6 {[%clk 00:03:11]} {[%emt 00:00:22]} 42. h4 {[%clk
00:15:53]} {[%emt 00:01:24]} Ra6 {[%clk 00:29:37]} {[%emt 00:04:04]} 43. Kh3
{[%clk 00:45:40]} {[%emt 00:00:43]} Rc6 {[%clk 00:27:52]} {[%emt 00:02:15]} 44.
Rb8 {[%clk 00:46:01]} {[%emt 00:00:08]} Ra6 {[%clk 00:25:55]} {[%emt 00:02:28]}
45. Rg8+ {[%clk 00:46:02]} {[%emt 00:00:28]} Kf7 {[%clk 00:25:55]} {[%emt
00:00:30]} 46. Rc8 {[%clk 00:44:35]} {[%emt 00:01:57]} Kg6 {[%clk 00:26:14]}
{[%emt 00:00:11]} 47. Rc3 {[%clk 00:45:00]} {[%emt 00:00:05]} Rb6 {[%clk
00:20:45]} {[%emt 00:06:00]} 48. Kg2 {[%clk 00:45:12]} {[%emt 00:00:17]} Ra6
{[%clk 00:20:43]} {[%emt 00:00:33]} 49. Kf3 {[%clk 00:45:34]} {[%emt 00:00:07]}
Ra4 {[%clk 00:16:51]} {[%emt 00:04:23]} 50. Rc6+ {[%clk 00:45:53]} {[%emt
00:00:11]} Kg7 {[%clk 00:17:15]} {[%emt 00:00:06]} 51. Kg2 {[%clk 00:40:41]}
{[%emt 00:05:42]} Ra2+ {[%clk 00:15:11]} {[%emt 00:02:33]} 52. Kf3 {[%clk
00:39:10]} {[%emt 00:02:01]} Ra4 {[%clk 00:15:32]} {[%emt 00:00:10]} 53. Rb6
{[%clk 00:39:33]} {[%emt 00:00:06]} Rc4 {[%clk 00:15:41]} {[%emt 00:00:22]} 54.
Ra6 {[%clk 00:39:58]} {[%emt 00:00:05]} Rb4 {[%clk 00:16:06]} {[%emt 00:00:04]}
55. h5 {[%clk 00:40:01]} {[%emt 00:00:27]} Rc4 {[%clk 00:15:27]} {[%emt
00:01:09]} 56. Kg2 {[%clk 00:40:24]} {[%emt 00:00:07]} Rb4 {[%clk 00:13:37]}
{[%emt 00:02:21]} 57. Kh3 {[%clk 00:40:42]} {[%emt 00:00:11]} Rc4 {[%clk
00:13:04]} {[%emt 00:01:04]} 58. Rg6+ {[%clk 00:40:33]} {[%emt 00:00:38]} Kf7
{[%clk 00:13:18]} {[%emt 00:00:17]} 59. Rb6 {[%clk 00:39:20]} {[%emt 00:01:42]}
Kg7 {[%clk 00:13:40]} {[%emt 00:00:09]} 60. Ra6 {[%clk 00:38:43]} {[%emt
00:01:06]} Rb4 {[%clk 00:14:02]} {[%emt 00:00:09]} 61. h6+ {[%clk 00:34:19]}
{[%emt 00:04:54]} Kh7 {[%clk 00:13:33]} {[%emt 00:00:59]} 62. Rf6 {[%clk
00:34:46]} {[%emt 00:00:02]} Ra4 {[%clk 00:13:43]} {[%emt 00:00:21]} 63. Rxf5
{[%clk 00:34:32]} {[%emt 00:00:44]} Kxh6 {[%clk 00:14:07]} {[%emt 00:00:05]}
64. Rb5 {[%clk 00:34:45]} {[%emt 00:00:17]} Kg6 {[%clk 00:14:29]} {[%emt
00:00:08]} 65. g4 {[%clk 00:35:11]} {[%emt 00:00:04]} Ra1 {[%clk 00:14:38]}
{[%emt 00:00:21]} 66. Rb6+ {[%clk 00:35:04]} {[%emt 00:00:38]} Kg5 {[%clk
00:14:59]} {[%emt 00:00:08]} 67. Rb5+ {[%clk 00:35:31]} {[%emt 00:00:04]} Kg6
{[%clk 00:15:26]} {[%emt 00:00:04]} 68. Kh4 {[%clk 00:35:47]} {[%emt 00:00:13]}
Rh1+ {[%clk 00:15:51]} {[%emt 00:00:05]} 69. Kg3 {[%clk 00:36:14]} {[%emt
00:00:04]} Rg1+ {[%clk 00:16:12]} {[%emt 00:00:08]} 70. Kf4 {[%clk 00:36:37]}
{[%emt 00:00:07]} Rf1+ {[%clk 00:16:37]} {[%emt 00:00:05]} 71. Kg3 1/2-1/2

[Event "DVM U20 2021"]
[Site "Kiel GER"]
[Date "2022.07.24"]
[Round "3"]
[White "Farokhi, Keyvan"]
[Black "von Estorff, Jacob"]
[Result "1/2-1/2"]
[Termination "normal"]
[Board "7.2"]
[WhiteTitle "FM"]
[WhiteElo "2332"]
[BlackElo "2164"]
[WhiteClock "00:26:11"]
[BlackClock "00:02:27"]
[WhiteTeam "SK Doppelbauer Kiel"]
[BlackTeam "Post SV Uelzen"]
[PlyCount "69"]
[WhiteFideId "12998630"]
[BlackFideId "12974501"]
[EventCountry "GER"]
[EventRounds "7"]
[EventType "team-swiss"]
[EventDate "2022.07.22"]

1. e4 {[%clk 01:30:56]} {[%emt 12:56:53]} c5 {[%clk 01:30:08]} 2. Nf3 {[%clk
01:31:16]} Nc6 {[%clk 01:29:04]} 3. d4 {[%clk 01:31:36]} cxd4 4. Nxd4 {[%clk
01:32:01]} Nf6 {[%clk 01:27:33]} 5. Nc3 {[%clk 01:32:24]} d6 {[%clk 01:27:17]}
6. Bg5 {[%clk 01:32:33]} e6 {[%clk 01:18:17]} 7. Qd2 {[%clk 01:32:53]} Be7
{[%clk 01:18:08]} 8. O-O-O {[%clk 01:33:10]} Nxd4 {[%clk 01:06:00]} {[%emt
00:02:51]} 9. Qxd4 {[%clk 01:33:31]} {[%emt 00:00:09]} O-O {[%clk 01:05:52]}
{[%emt 00:00:38]} 10. f4 {[%clk 01:23:35]} {[%emt 00:10:25]} Qa5 {[%clk
01:02:28]} {[%emt 00:03:55]} 11. Bd3 {[%clk 01:18:49]} {[%emt 00:05:15]} e5
{[%clk 00:57:53]} {[%emt 00:05:06]} 12. Qa4 {[%clk 01:14:01]} {[%emt 00:05:17]}
Qxa4 {[%clk 00:54:53]} {[%emt 00:03:31]} 13. Nxa4 {[%clk 01:14:29]} {[%emt
00:00:02]} exf4 {[%clk 00:50:26]} {[%emt 00:04:58]} 14. Bxf4 {[%clk 01:14:08]}
{[%emt 00:00:50]} Ng4 {[%clk 00:47:05]} {[%emt 00:03:52]} 15. Rd2 {[%clk
01:05:31]} {[%emt 00:09:06]} Be6 {[%clk 00:46:24]} {[%emt 00:01:11]} 16. Nc3
{[%clk 01:05:00]} {[%emt 00:00:59]} a6 {[%clk 00:40:32]} {[%emt 00:06:23]} 17.
Be2 {[%clk 00:58:29]} {[%emt 00:07:01]} Rad8 {[%clk 00:33:25]} {[%emt
00:07:39]} 18. Bxg4 {[%clk 00:56:40]} {[%emt 00:02:18]} Bxg4 {[%clk 00:33:45]}
{[%emt 00:00:10]} 19. Nd5 {[%clk 00:57:05]} {[%emt 00:00:05]} Rfe8 {[%clk
00:32:54]} {[%emt 00:01:21]} 20. e5 {[%clk 00:55:06]} {[%emt 00:02:29]} dxe5
{[%clk 00:06:26]} {[%emt 00:26:58]} 21. Nxe7+ {[%clk 00:55:00]} {[%emt
00:00:35]} Kf8 {[%clk 00:06:55]} {[%emt 00:00:03]} 22. Rxd8 {[%clk 00:54:23]}
{[%emt 00:01:06]} Rxd8 {[%clk 00:07:15]} {[%emt 00:00:10]} 23. Bxe5 {[%clk
00:48:30]} {[%emt 00:06:22]} f6 {[%clk 00:02:11]} {[%emt 00:05:35]} 24. Nc6
{[%clk 00:29:58]} {[%emt 00:19:02]} bxc6 {[%clk 00:02:35]} {[%emt 00:00:06]}
25. Bf4 {[%clk 00:30:23]} {[%emt 00:00:04]} Kf7 {[%clk 00:01:17]} {[%emt
00:01:50]} 26. Re1 {[%clk 00:28:48]} {[%emt 00:02:03]} Re8 {[%clk 00:01:13]}
{[%emt 00:00:35]} 27. Rxe8 {[%clk 00:28:51]} {[%emt 00:00:26]} Kxe8 {[%clk
00:01:41]} {[%emt 00:00:03]} 28. Kd2 {[%clk 00:29:06]} {[%emt 00:00:15]} Kd7
{[%clk 00:02:01]} {[%emt 00:00:10]} 29. c4 {[%clk 00:26:32]} {[%emt 00:03:03]}
c5 {[%clk 00:02:13]} {[%emt 00:00:18]} 30. Kc3 {[%clk 00:26:43]} {[%emt
00:00:18]} Kc6 {[%clk 00:02:04]} {[%emt 00:00:40]} 31. b3 {[%clk 00:26:40]}
{[%emt 00:00:33]} Bf5 {[%clk 00:02:25]} {[%emt 00:00:09]} 32. h4 {[%clk
00:25:51]} {[%emt 00:01:18]} h6 {[%clk 00:02:30]} {[%emt 00:00:27]} 33. b4
{[%clk 00:25:38]} {[%emt 00:00:42]} g5 {[%clk 00:02:19]} {[%emt 00:00:42]} 34.
hxg5 {[%clk 00:25:54]} {[%emt 00:00:14]} fxg5 {[%clk 00:02:27]} {[%emt
00:00:22]} 35. Be3 {[%clk 00:26:11]} {[%emt 00:00:12]} 1/2-1/2

[Event "DVM U20 2021"]
[Site "Kiel GER"]
[Date "2022.07.24"]
[Round "3"]
[White "Bargsten, Justus"]
[Black "Rempe, Jonas"]
[Result "1/2-1/2"]
[Termination "normal"]
[Board "7.3"]
[WhiteElo "2136"]
[BlackElo "1861"]
[WhiteClock "00:34:51"]
[BlackClock "00:23:00"]
[WhiteTeam "Post SV Uelzen"]
[BlackTeam "SK Doppelbauer Kiel"]
[PlyCount "104"]
[WhiteFideId "12974188"]
[BlackFideId "16202406"]
[EventCountry "GER"]
[EventRounds "7"]
[EventType "team-swiss"]
[EventDate "2022.07.22"]

1. e4 {[%clk 01:30:57]} {[%emt 12:56:41]} e5 {[%clk 01:30:52]} 2. Nf3 {[%clk
01:31:23]} Nc6 {[%clk 01:31:19]} 3. Bc4 {[%clk 01:31:46]} Nf6 {[%clk 01:31:46]}
4. d3 {[%clk 01:32:08]} Be7 {[%clk 01:32:08]} 5. O-O {[%clk 01:32:32]} O-O
{[%clk 01:32:35]} 6. Nc3 {[%clk 01:32:58]} d6 {[%clk 01:33:02]} 7. a4 {[%clk
01:33:24]} Be6 {[%clk 01:31:54]} 8. Nd5 {[%clk 01:24:48]} Nb8 {[%clk 01:14:00]}
9. Re1 {[%clk 01:24:48]} c6 {[%clk 01:14:00]} {[%emt 00:04:15]} 10. Nxe7+
{[%clk 01:23:23]} Qxe7 {[%clk 01:14:23]} {[%emt 00:02:03]} 11. Bg5 {[%clk
01:22:47]} Bxc4 {[%clk 01:11:03]} {[%emt 00:04:55]} 12. dxc4 {[%clk 01:23:10]}
{[%emt 00:00:07]} h6 {[%clk 01:11:31]} {[%emt 00:00:03]} 13. Bd2 {[%clk
01:23:00]} {[%emt 00:00:39]} Ne8 {[%clk 00:59:02]} {[%emt 00:12:59]} 14. Ra3
{[%clk 01:18:05]} {[%emt 00:05:25]} Na6 {[%clk 00:56:52]} {[%emt 00:02:40]} 15.
Qe2 {[%clk 01:07:52]} {[%emt 00:10:42]} Nec7 {[%clk 00:53:30]} {[%emt
00:03:52]} 16. h3 {[%clk 01:03:45]} {[%emt 00:04:37]} f5 {[%clk 00:48:36]}
{[%emt 00:05:24]} 17. exf5 {[%clk 01:02:17]} {[%emt 00:01:58]} Rxf5 {[%clk
00:47:39]} {[%emt 00:01:28]} 18. Nd4 {[%clk 01:02:28]} {[%emt 00:00:19]} Rf7
{[%clk 00:41:19]} {[%emt 00:06:49]} 19. Qg4 {[%clk 01:02:20]} {[%emt 00:00:38]}
Qd7 {[%clk 00:33:32]} {[%emt 00:08:17]} 20. Qxd7 {[%clk 01:01:26]} {[%emt
00:01:25]} Rxd7 {[%clk 00:33:34]} {[%emt 00:00:28]} 21. Nf5 {[%clk 01:01:37]}
{[%emt 00:00:18]} Rf8 {[%clk 00:33:32]} {[%emt 00:00:33]} 22. g4 {[%clk
01:01:45]} {[%emt 00:00:22]} Ne6 {[%clk 00:27:23]} {[%emt 00:06:38]} 23. Rd3
{[%clk 00:56:09]} {[%emt 00:06:06]} Nac5 {[%clk 00:23:40]} {[%emt 00:04:14]}
24. Ra3 {[%clk 00:52:41]} {[%emt 00:03:58]} Nd4 {[%clk 00:16:11]} {[%emt
00:07:59]} 25. Nxd4 {[%clk 00:51:01]} {[%emt 00:02:10]} exd4 {[%clk 00:16:12]}
{[%emt 00:00:28]} 26. b4 {[%clk 00:47:43]} {[%emt 00:03:49]} Na6 {[%clk
00:16:42]} 27. b5 {[%clk 00:47:59]} {[%emt 00:00:13]} Nc7 {[%clk 00:14:02]}
{[%emt 00:03:11]} 28. Re4 {[%clk 00:45:21]} {[%emt 00:03:07]} c5 {[%clk
00:13:07]} {[%emt 00:01:26]} 29. Ra1 {[%clk 00:28:40]} {[%emt 00:17:10]} d5
{[%clk 00:12:31]} {[%emt 00:01:06]} 30. cxd5 {[%clk 00:28:44]} {[%emt
00:00:26]} Nxd5 {[%clk 00:12:59]} {[%emt 00:00:02]} 31. Re5 {[%clk 00:28:14]}
{[%emt 00:01:00]} b6 {[%clk 00:12:33]} {[%emt 00:00:57]} 32. a5 {[%clk
00:27:58]} {[%emt 00:00:46]} Nc3 {[%clk 00:08:32]} {[%emt 00:04:29]} 33. axb6
{[%clk 00:26:10]} {[%emt 00:02:19]} axb6 {[%clk 00:08:57]} {[%emt 00:00:06]}
34. Ra6 {[%clk 00:26:08]} {[%emt 00:00:31]} Rd6 {[%clk 00:08:28]} {[%emt
00:00:58]} 35. Re1 {[%clk 00:12:23]} {[%emt 00:14:15]} Nd5 {[%clk 00:06:53]}
{[%emt 00:02:05]} 36. Kg2 {[%clk 00:10:12]} {[%emt 00:02:42]} Nc7 {[%clk
00:03:14]} {[%emt 00:04:08]} 37. Ra7 {[%clk 00:10:38]} {[%emt 00:00:05]} Nxb5
{[%clk 00:03:39]} {[%emt 00:00:05]} 38. Rb7 {[%clk 00:11:03]} {[%emt 00:00:05]}
Rdf6 {[%clk 00:03:23]} {[%emt 00:00:44]} 39. f4 {[%clk 00:11:11]} {[%emt
00:00:24]} Na3 {[%clk 00:03:22]} {[%emt 00:00:31]} 40. Ree7 {[%clk 00:10:02]}
{[%emt 00:01:38]} R6f7 {[%clk 00:03:39]} {[%emt 00:00:13]} 41. Rxf7 {[%clk
00:10:11]} {[%emt 00:00:23]} Rxf7 {[%clk 00:04:08]} {[%emt 00:00:01]} 42. Rxb6
{[%clk 00:10:22]} {[%emt 00:00:19]} Re7 {[%clk 00:25:56]} {[%emt 00:08:40]} 43.
Kf1 {[%clk 00:36:58]} {[%emt 00:03:55]} Nxc2 {[%clk 00:24:51]} {[%emt
00:01:35]} 44. Rc6 {[%clk 00:37:15]} {[%emt 00:00:13]} Ne3+ {[%clk 00:25:19]}
45. Bxe3 {[%clk 00:36:30]} {[%emt 00:01:16]} Rxe3 {[%clk 00:25:15]} {[%emt
00:00:34]} 46. Rxc5 {[%clk 00:36:54]} {[%emt 00:00:07]} Rxh3 {[%clk 00:25:39]}
{[%emt 00:00:05]} 47. Ke2 {[%clk 00:35:38]} {[%emt 00:01:45]} Rg3 {[%clk
00:23:17]} {[%emt 00:02:51]} 48. Rd5 {[%clk 00:34:53]} {[%emt 00:01:16]} Rxg4
{[%clk 00:22:49]} {[%emt 00:00:59]} 49. Kf3 {[%clk 00:34:40]} {[%emt 00:00:43]}
Rh4 {[%clk 00:22:22]} {[%emt 00:00:56]} 50. Rxd4 {[%clk 00:34:39]} {[%emt
00:00:32]} g5 {[%clk 00:22:07]} {[%emt 00:00:44]} 51. Rd8+ {[%clk 00:34:55]}
{[%emt 00:00:14]} Kg7 {[%clk 00:22:33]} {[%emt 00:00:03]} 52. fxg5 {[%clk
00:34:51]} {[%emt 00:00:35]} hxg5 {[%clk 00:23:00]} {[%emt 00:00:03]} 1/2-1/2

[Event "DVM U20 2021"]
[Site "Kiel GER"]
[Date "2022.07.24"]
[Round "3"]
[White "Günther, Emil"]
[Black "Askerov, Imamali"]
[Result "1/2-1/2"]
[Termination "normal"]
[Board "7.4"]
[WhiteElo "1799"]
[BlackElo "1974"]
[WhiteClock "00:21:47"]
[BlackClock "00:01:11"]
[WhiteTeam "SK Doppelbauer Kiel"]
[BlackTeam "Post SV Uelzen"]
[PlyCount "120"]
[WhiteFideId "16228154"]
[BlackFideId "12974498"]
[EventCountry "GER"]
[EventRounds "7"]
[EventType "team-swiss"]
[EventDate "2022.07.22"]

1. c4 {[%clk 01:30:59]} {[%emt 09:12:38]} Nf6 {[%clk 01:29:30]} 2. Nf3 {[%clk
01:31:18]} e6 {[%clk 01:29:31]} 3. Nc3 {[%clk 01:30:50]} d5 {[%clk 01:29:55]}
4. d4 {[%clk 01:31:06]} b6 {[%clk 01:29:05]} 5. Bg5 {[%clk 01:30:58]} Be7
{[%clk 01:29:20]} 6. cxd5 exd5 {[%clk 01:29:20]} 7. Bxf6 Bxf6 {[%clk 01:29:42]}
8. e3 {[%clk 01:30:41]} O-O {[%clk 01:29:50]} 9. Be2 {[%clk 01:30:22]} Bb7
{[%clk 01:29:00]} 10. O-O {[%clk 01:30:43]} Re8 {[%clk 01:26:49]} 11. Rc1
{[%clk 01:25:49]} c6 {[%clk 01:24:14]} 12. b4 {[%clk 01:11:48]} {[%emt
00:09:28]} Nd7 {[%clk 01:22:35]} {[%emt 00:02:10]} 13. Qb3 {[%clk 01:11:44]}
{[%emt 00:00:33]} Nf8 {[%clk 01:11:25]} {[%emt 00:11:41]} 14. Rfd1 {[%clk
01:11:20]} {[%emt 00:00:55]} Ne6 {[%clk 01:03:42]} {[%emt 00:08:14]} 15. Na4
{[%clk 01:06:41]} {[%emt 00:05:09]} Qe7 {[%clk 00:54:14]} {[%emt 00:09:57]} 16.
Rc2 {[%clk 01:04:15]} {[%emt 00:02:56]} Rac8 {[%clk 00:46:09]} {[%emt
00:08:34]} 17. Rdc1 {[%clk 01:03:30]} {[%emt 00:01:16]} g6 {[%clk 00:31:41]}
{[%emt 00:14:58]} 18. Bf1 {[%clk 00:57:09]} {[%emt 00:06:50]} Rc7 {[%clk
00:25:53]} {[%emt 00:06:17]} 19. g3 {[%clk 00:55:07]} {[%emt 00:02:33]} Rec8
{[%clk 00:25:06]} {[%emt 00:01:17]} 20. Bg2 {[%clk 00:54:21]} {[%emt 00:01:16]}
Qd6 {[%clk 00:21:53]} {[%emt 00:03:43]} 21. a3 {[%clk 00:46:38]} {[%emt
00:08:13]} Kg7 {[%clk 00:13:09]} {[%emt 00:09:15]} 22. h4 {[%clk 00:38:46]}
{[%emt 00:08:21]} h5 {[%clk 00:13:04]} {[%emt 00:00:35]} 23. Ne1 {[%clk
00:37:00]} {[%emt 00:02:15]} Kh7 {[%clk 00:10:59]} {[%emt 00:02:36]} 24. Qd3
{[%clk 00:36:08]} {[%emt 00:01:22]} c5 {[%clk 00:05:03]} {[%emt 00:06:27]} 25.
dxc5 {[%clk 00:35:17]} {[%emt 00:01:20]} bxc5 {[%clk 00:05:23]} {[%emt
00:00:10]} 26. Nxc5 {[%clk 00:35:35]} {[%emt 00:00:12]} Nxc5 {[%clk 00:05:44]}
{[%emt 00:00:09]} 27. bxc5 {[%clk 00:35:55]} {[%emt 00:00:09]} Rxc5 {[%clk
00:06:10]} {[%emt 00:00:05]} 28. Rxc5 {[%clk 00:36:14]} {[%emt 00:00:11]} Rxc5
{[%clk 00:06:36]} {[%emt 00:00:03]} 29. Rd1 {[%clk 00:36:33]} {[%emt 00:00:12]}
Qe6 {[%clk 00:03:04]} {[%emt 00:04:02]} 30. Nc2 {[%clk 00:32:52]} {[%emt
00:04:12]} Ba6 {[%clk 00:02:11]} {[%emt 00:01:22]} 31. Nd4 {[%clk 00:30:50]}
{[%emt 00:02:32]} Qb6 {[%clk 00:01:37]} {[%emt 00:01:04]} 32. Qb1 {[%clk
00:28:57]} {[%emt 00:02:22]} Qxb1 {[%clk 00:00:45]} {[%emt 00:01:23]} 33. Rxb1
{[%clk 00:29:23]} {[%emt 00:00:04]} Ra5 {[%clk 00:00:48]} {[%emt 00:00:27]} 34.
Nc6 {[%clk 00:27:21]} {[%emt 00:02:32]} Rxa3 {[%clk 00:01:02]} {[%emt
00:00:17]} 35. Nxa7 {[%clk 00:27:44]} {[%emt 00:00:06]} Bc4 {[%clk 00:01:07]}
{[%emt 00:00:25]} 36. Rb7 {[%clk 00:27:26]} {[%emt 00:00:47]} Kg7 {[%clk
00:01:13]} {[%emt 00:00:24]} 37. Rd7 {[%clk 00:26:27]} {[%emt 00:01:29]} Ra1+
{[%clk 00:01:29]} {[%emt 00:00:15]} 38. Kh2 {[%clk 00:26:49]} {[%emt 00:00:08]}
Ra2 {[%clk 00:01:51]} {[%emt 00:00:08]} 39. Kg1 {[%clk 00:26:53]} {[%emt
00:00:25]} Ra1+ {[%clk 00:02:16]} {[%emt 00:00:06]} 40. Kh2 {[%clk 00:27:19]}
{[%emt 00:00:04]} Ra2 {[%clk 00:02:44]} {[%emt 00:00:02]} 41. Kg1 {[%clk
00:27:44]} {[%emt 00:00:06]} Bc3 {[%clk 00:24:40]} {[%emt 00:08:33]} 42. Nc8
{[%clk 00:32:35]} {[%emt 00:25:38]} Be1 {[%clk 00:19:59]} {[%emt 00:05:11]} 43.
Bxd5 {[%clk 00:27:46]} {[%emt 00:05:20]} Bxf2+ {[%clk 00:20:05]} {[%emt
00:00:24]} 44. Kg2 {[%clk 00:27:17]} {[%emt 00:00:59]} Be1+ {[%clk 00:12:06]}
{[%emt 00:08:28]} 45. Kf3 {[%clk 00:24:48]} {[%emt 00:03:00]} Bxd5+ {[%clk
00:09:59]} {[%emt 00:02:36]} 46. Rxd5 {[%clk 00:25:10]} {[%emt 00:00:09]} Rf2+
{[%clk 00:10:24]} {[%emt 00:00:05]} 47. Ke4 {[%clk 00:25:30]} {[%emt 00:00:10]}
Rf6 {[%clk 00:10:21]} {[%emt 00:00:33]} 48. Nd6 {[%clk 00:25:20]} {[%emt
00:00:41]} Kf8 {[%clk 00:05:28]} {[%emt 00:05:20]} 49. Kd3 {[%clk 00:21:17]}
{[%emt 00:04:35]} Bxg3 {[%clk 00:05:36]} {[%emt 00:00:22]} 50. Ne4 {[%clk
00:21:40]} {[%emt 00:00:07]} Bxh4 {[%clk 00:05:56]} {[%emt 00:00:09]} 51. Nxf6
{[%clk 00:22:05]} {[%emt 00:00:06]} Bxf6 {[%clk 00:06:09]} {[%emt 00:00:17]}
52. Ke4 {[%clk 00:22:09]} {[%emt 00:00:25]} Ke7 {[%clk 00:06:10]} {[%emt
00:00:29]} 53. Kf4 {[%clk 00:21:57]} {[%emt 00:00:42]} Ke6 {[%clk 00:06:25]}
{[%emt 00:00:15]} 54. Ra5 {[%clk 00:22:03]} {[%emt 00:00:24]} Bd8 {[%clk
00:02:21]} {[%emt 00:04:35]} 55. Ra6+ {[%clk 00:21:49]} {[%emt 00:00:43]} Kd7
{[%clk 00:02:23]} {[%emt 00:00:28]} 56. Ra7+ {[%clk 00:22:02]} {[%emt
00:00:18]} Ke8 {[%clk 00:02:40]} {[%emt 00:00:13]} 57. e4 {[%clk 00:21:48]}
{[%emt 00:00:44]} f6 {[%clk 00:02:39]} {[%emt 00:00:31]} 58. e5 {[%clk
00:21:02]} {[%emt 00:01:15]} g5+ {[%clk 00:02:36]} {[%emt 00:00:33]} 59. Kf5
{[%clk 00:21:22]} {[%emt 00:00:10]} fxe5 {[%clk 00:02:28]} {[%emt 00:00:38]}
60. Kxe5 {[%clk 00:21:47]} {[%emt 00:00:05]} Bb6 {[%clk 00:01:11]} {[%emt
00:01:45]} 1/2-1/2